|
|
|
|
| LEADER |
00000cam a2200000 i 4500 |
| 003 |
Ucuenca |
| 005 |
20230308162722.0 |
| 006 |
a||||fr|||| 001 || |
| 007 |
ta |
| 008 |
000000s1976 sp ddddfr|||| 001|||spa|a |
| 020 |
|
|
|a 84-291-4050-6
|q obra completa
|
| 020 |
|
|
|a 84-291-4051-4
|q tomo 1
|
| 040 |
|
|
|b spa
|a UCuenca-cdrjbv
|c UCuenca
|e rda
|
| 041 |
1 |
|
|a spa
|h eng
|
| 082 |
0 |
|
|2 22
|a 541.3
|c 74644
|
| 100 |
1 |
|
|9 203388
|a Hougen, Olaf A.
|e autor
|
| 240 |
1 |
|
|a Chemical process principles: Part I. Material and energy balances
|l English
|
| 245 |
1 |
0 |
|a Principios de los procesos químicos:
|b balances de materia y energía.
|n Parte 1 /
|c Olaf A. Hougen, Kenneth M. Watson, R. A. Ragatz, traductor, Miguel Herráez.
|
| 264 |
|
1 |
|a Barcelona:
|b Reverté,
|c 1976.
|
| 300 |
|
|
|a 555 páginas:
|b gra
|c 22 cm
|
| 336 |
|
|
|2 rdacontent
|a texto
|b txt
|
| 337 |
|
|
|2 rdamedia
|a no mediado
|b n
|
| 338 |
|
|
|2 rdacarrier
|a volumen
|b nc
|
| 504 |
|
|
|a incl. ref.
|
| 505 |
1 |
|
|a Procedimientos matemáticos -- Estequiometría y relaciones de composición -- Comportamiento de los gases ideales -- Presiones de vapor -- Humedad y saturación -- Solubilidad y cristalización -- Balances de materia -- Termofísica -- Termoquímica -- Adsorción -- Combustible y combustión -- Procesos químicos, metalúrgicos y de petróleo.
|
| 650 |
1 |
7 |
|2 UCuenca-cdrjbv
|a Química
|9 12795
|
| 650 |
1 |
7 |
|2 UCuenca-cdrjbv
|a Bioquímica
|9 12766
|
| 650 |
1 |
7 |
|2 UCuenca-cdrjbv
|a Análisis químico
|9 13428
|
| 651 |
|
|
|2 UCuenca-cdrjbv
|
| 700 |
1 |
|
|9 203389
|a Watson, Kenneth M.
|e autor
|
| 700 |
1 |
|
|9 203390
|a Ragatz, R. A.
|e autor
|
| 700 |
|
|
|9 48034
|a Herráez, Miguel
|e traductor
|d 1957
|
| 852 |
|
|
|a UC-CDJBV
|
| 856 |
4 |
0 |
|u https://es.slideshare.net/CursosJsr/principios-de-los-procesos-qumicos-hougen-et-al-tomo-1
|y Libro digital. Edición 1982
|
| 942 |
|
|
|c BK
|2 ddc
|z ivan.verdugo@ucuenca.edu.ec
|0 4
|r teodoro.astudillo@ucuenca.edu.ec
|
| 999 |
|
|
|c 19162
|d 19162
|